Del Cantábrico al Mediterráneo : (Record no. 190562)
[ view plain ]
| 000 -LEADER | |
|---|---|
| campo de control de longitud fija | 01197nam a22002895 4500 |
| 001 - NÚMERO DE CONTROL | |
| campo de control | 190562 |
| 003 - IDENTIFICADOR DE NÚMERO DE CONTROL | |
| campo de control | SpMaBN |
| 005 - FECHA Y HORA DE LA ÚLTIMA TRANSACCIÓN | |
| campo de control | 20250827041758.0 |
| 008 - DATOS DE LONGITUD FIJA--INFORMACIÓN GENERAL | |
| campo de control de longitud fija | 210902s1992 sp ab 001 0dspa |
| 020 ## - NÚMERO INTERNACIONAL ESTÁNDAR DEL LIBRO | |
| Número Internacional Estándar del Libro | 84-7955-034-1 |
| 080 ## - NÚMERO DE LA CLASIFICACIÓN DECIMAL UNIVERSAL | |
| Número de la Clasificación Decimal Universal | 914.60 |
| 100 1# - ENTRADA PRINCIPAL--NOMBRE DE PERSONA | |
| Nombre de persona | Miguel Amóztegui, Jesús I. |
| 9 (RLIN) | 173675 |
| 245 10 - MENCIÓN DEL TÍTULO | |
| Título | Del Cantábrico al Mediterráneo : |
| Resto del título | un viaje increíble por los caminos de hierro de la península : una aventura de quince días de duración a través de las tierras de España en ocho etapas / |
| Mención de responsabilidad, etc. | Jesús I. Miguel Amóztegui ; [prólogo de Manuel Maristany]. |
| 260 ## - PUBLICACIÓN, DISTRIBUCIÓN, ETC. | |
| Lugar de publicación, distribución, etc. | Madrid : |
| Nombre del editor, distribuidor, etc. | Acción Divulgativa, |
| Fecha de publicación, distribución, etc. | [1992] |
| 300 ## - DESCRIPCIÓN FÍSICA | |
| Extensión | 256 p. : |
| Otras características físicas | il., mapas ; |
| Dimensiones | 20 cm. |
| 490 1# - MENCIÓN DE SERIE | |
| Mención de serie | El búho viajero. Aire libre ; |
| Designación de volumen o secuencia | 56 |
| 504 ## - NOTA DE BIBLIOGRAFÍA, ETC. | |
| Nota de bibliografía, etc. | Bibliografía: p. 253. |
| 596 ## - NOTA AL PIE DE IMPRENTA | |
| NOTA AL PIE DE IMPRENTA | En cub. posterior: Libros Penthalon. |
| 651 #4 - PUNTO DE ACCESO ADICIONAL DE MATERIA--NOMBRE GEOGRÁFICO | |
| Nombre geográfico | España- |
| Subdivisión general | Descripción- |
| Subdivisión cronológica | S.XX. |
| 9 (RLIN) | 8187 |
| 700 1# - ENTRADA AGREGADA--NOMBRE PERSONAL | |
| Nombre de persona | Maristany, Manuel. |
| 9 (RLIN) | 76899 |
| 830 13 - PUNTO DE ACCESO ADICIONAL DE SERIE-TÍTULO UNIFORME | |
| Título uniforme | El búho viajero |
| Designación de volumen o secuencia | 56 |
| 9 (RLIN) | 193499 |
| 852 4# - LOCALIZACIÓN | |
| Ubicación | ES-MaACL |
| Número de control de estantería | A-14783 |
| itemnumber | 197740 |
| Sublocalización o colección | R.152273 |
| Ubicación en estantería | Depósito 1 |
| Signatura antigua | Olim: N-7783 |
| Donativo/Legado | Donación. José Lázaro |
| 903 ## - NOMBRE PERSONAL DE DONANTE | |
| a | José Lázaro |
| e | Donante |
| 942 ## - ELEMENTOS DE ENTRADA SECUNDARIOS (KOHA) | |
| Fuente del sistema de clasificación o colocación | Clasificación decimal universal |
| Tipo de ítem Koha | Libro impreso |
| Estatus retirado | Estado de pérdida | Fuente del sistema de clasificación o colocación | Estado de daño | No para préstamo | Biblioteca de origen | Biblioteca actual | Ubicación en estantería | Fecha de adquisición | Fuente de adquisición | Total de préstamos | Signatura topográfica completa | Código de barras | Visto por última vez | Precio de reemplazo | Tipo de ítem Koha |
|---|---|---|---|---|---|---|---|---|---|---|---|---|---|---|---|
| Clasificación decimal universal | Biblioteca del Ateneo de Madrid | Biblioteca del Ateneo de Madrid | Depósito 1 | 02/09/2021 | Donación | A-14783 | 1202701 | 23/02/2023 | 23/02/2023 | Libro impreso |
